LEADER 01526nam a2200289 u 4500 001 000000118710 003 CaOOAMICUS 005 20091211114745.0 008 091211s1962 be fhb u000 u eng r 040 $aPUL$bita$dMCT 100 1 $aHoste, Anselm,$cO.S.B.,$d1930-$0(OLS)http://pul/name/3910 245 10$aBibliotheca Aelrediana :$ba survey of the manuscripts, old catalogues, editions and studies concerning st. Aelred of Rievaulx /$cdom Anselm Hoste O.S.B. 260 $aSteenbrugis :$bMartinus Nijhoff, Hagae Comitis,$c1962. 300 $a206 p., [3] c. di tav. :$bfacs., c. geogr. ripieg. ;$c25 cm 490 1 $aInstrumenta patristica ;$v2 500 $aInclude indici. 600 04$aEthelredus,$cs.,$d1110-1167.$0(OLS)http://pul/subject/36065 830 0$aInstrumenta patristica ;$v2.$0(OLS)http://pul/title/12588 850 $aPUL 852 $aPUL$W1$xDP1 Cons. Gen., Altre Classi 1$y22$m437 I 1$j136211$qStampati$B135195$CPULBib$Z2$F135195 $H27385 $82 941 1 $a8 960 $aAelredus Rievallensis,$cs.,$d1110-1167$936065 960 $aAelred de Rievaux,$cs.,$d1110-1167$936065 960 $aAelred, $bdi Rievaulx,$cs.,$d1110-1167?$936065 960 $aRievaulx, Aelred de,? $cs.,$d1110-1167?$936065 996 $6245$aBibliotheca Aelrediana :$ba survey of the manuscripts, old catalogues, editions and studies concerning st. Aelred of Rievaulx$9(OLS)http://pul/title/149395 996 $6260$aSteenbrugis :$bMartinus Nijhoff, Hagae Comitis$9(OLS)http://pul/publisher/81002 LEADER 01546nam a2200313 i 4500 001 000000104878 003 CaOOAMICUS 005 20070508171949.0 008 070508s2006 it u100 u ita r 020 $a88-8334-219-4 040 $aPUL$bita$dLDB 041 0 $aita$afre$aspa 245 03$aIl diritto patrio tra diritto comune e codificazione (secoli XVI-XIX) :$bAtti del Convegno internazionale, Alghero, 4-6 novembre 2004 /$ca cura di Italo Birocchi e Antonello Mattone. 260 $aRoma :$bViella,$cc2006. 300 $ax,586 p. ;$c24cm 490 1 $aIus nostrum ;$v35 500 $aIndice: p. [563]-584. 500 $aTesti in italiano, francese e spagnolo. 650 14$aDiritto comune.$0(OLS)http://pul/subject/9064 700 1 $aBirocchi, Italo.$0(OLS)http://pul/name/64456 700 1 $aMattone, Antonello.$0(OLS)http://pul/name/64457 710 2 $aUniversità degli studi di Roma "La Sapienza".$bDipartimento di scienze giuridiche.$0(OLS)http://pul/name/64455 830 0$aIus nostrum ;$v35.$0(OLS)http://pul/title/1296 850 $aPUL 852 $aPUL$W1$xSL Diritto e Scienze Sociali 3$y79$m340. 0903 BIRIT 1$j117460$qDDC 21$B117403$CPULBib$Z2$F117403 $H103046 $82 941 1 $a9 996 $6020$a88-8334-219-4$9(OLS)http://pul/number/134248 996 $6245$aIl diritto patrio tra diritto comune e codificazione (secoli XVI-XIX) :$bAtti del Convegno internazionale, Alghero, 4-6 novembre 2004$9(OLS)http://pul/title/131915 996 $6260$aRoma :$bViella$9(OLS)http://pul/publisher/54599